Genealogy of twentieth-century systematic mammalogists in North America: the descendants of Joseph Grinnell (Registro nro. 11561)

Detalles MARC
000 -CABECERA
Campo de control 004450000a22001450004500
090 ## - CLASIFICACIÓN LOCAL
Colección AR
Consecutivo 02494
041 0# - IDIOMA
Código de idioma para texto/pista de sonido o título separado
100 1# - ASIENTO PRINCIPAL--NOMBRE PERSONAL
Nombre personal Jones, J. Knox
245 10 - MENCION DE TITULO
Título Genealogy of twentieth-century systematic mammalogists in North America: the descendants of Joseph Grinnell
650 14 - ASIENTO SECUNDARIO DE MATERIA - TERMINO TEMATICO
Término temático o nombre geográfico como elemento de entrada Sistemática animal
650 14 - ASIENTO SECUNDARIO DE MATERIA - TERMINO TEMATICO
Término temático o nombre geográfico como elemento de entrada Mamíferos
650 14 - ASIENTO SECUNDARIO DE MATERIA - TERMINO TEMATICO
Término temático o nombre geográfico como elemento de entrada Biología
773 1# - Item fuente:
Título AGRO Vereda
Especificación de materiales 701
Paginas del Articulo 48-56
Lugar, editorial y fecha de publicación 1950?
942 ## - ELEMENTOS ADICIONALES (KOHA)
Tipo de ítem Artículo
Existencias
Withdrawn status Lost status Damaged status No para préstamo Colección Ubicación Permanente Ubicación actual Fecha de adquisición Datos de publicación Seriada Total Checkouts Número topográfico Inventario / Código de Barras Date last seen Ejemplar Price effective from Forma de adquisición Tipo de material
      No para Préstamo Hemeroteca Bogotá Bogotá 27/02/2015 Fuera de circulación   AR 02494 012907 25/03/2015 1 25/03/2015   Artículo